000 00284nam a22001217a 4500
008 170310b xxu||||| |||| 00| 0 eng d
041 _aeng
080 _a616.073
100 _a7
101 _aSHM
245 _aRHEUMATIC DISEASE CLINICS NORTH AMERICA
_cALEXIADES.M.M
942 _2udc
_cBK
999 _c7439
_d7439